Nurse home visitation and the prevention of child maltreatment: Impact on the timing of official reports
| VerfasserInnen: | ; ; |
|---|---|
| Medienart: | Elektronisch Aufsatz |
| Sprache: | Englisch |
| Veröffentlicht: |
2009
|
| In: |
Development and psychopathology
Jahr: 2009, Band: 21, Heft: 2, Seiten: 441-453 |
| Online-Zugang: |
Volltext (lizenzpflichtig) Volltext (lizenzpflichtig) |
| Verfügbarkeit prüfen: | HBZ Gateway |
MARC
| LEADER | 00000caa a22000002c 4500 | ||
|---|---|---|---|
| 001 | 1912639165 | ||
| 003 | DE-627 | ||
| 005 | 20250123055013.0 | ||
| 007 | cr uuu---uuuuu | ||
| 008 | 241217s2009 xx |||||o 00| ||eng c | ||
| 024 | 7 | |a 10.1017/S0954579409000248 |2 doi | |
| 035 | |a (DE-627)1912639165 | ||
| 035 | |a (DE-599)KXP1912639165 | ||
| 040 | |a DE-627 |b ger |c DE-627 |e rda | ||
| 041 | |a eng | ||
| 084 | |a 2,1 |2 ssgn | ||
| 100 | 1 | |a Zielinski, David S. |e VerfasserIn |4 aut | |
| 245 | 1 | 0 | |a Nurse home visitation and the prevention of child maltreatment: Impact on the timing of official reports |
| 264 | 1 | |c 2009 | |
| 336 | |a Text |b txt |2 rdacontent | ||
| 337 | |a Computermedien |b c |2 rdamedia | ||
| 338 | |a Online-Ressource |b cr |2 rdacarrier | ||
| 700 | 1 | |a Olds, David L. |e VerfasserIn |4 aut | |
| 700 | 1 | |a Eckenrode, John |e VerfasserIn |4 aut | |
| 773 | 0 | 8 | |i Enthalten in |t Development and psychopathology |d Cambridge : Cambridge Univ. Press, 1989 |g 21(2009), 2, Seite 441-453 |h Online-Ressource |w (DE-627)306713411 |w (DE-600)1501055-7 |w (DE-576)091014778 |x 1469-2198 |7 nnas |
| 773 | 1 | 8 | |g volume:21 |g year:2009 |g number:2 |g pages:441-453 |
| 787 | 0 | 8 | |i Forschungsdaten |a Olds, David L. |t Official Crime Rates of Participants in Trials of the Nurse-Family Partnership, Denver, Elmira, New York, and Memphis, 1977-2005 |d [Erscheinungsort nicht ermittelbar] : [Verlag nicht ermittelbar], 2018 |w (DE-627)1840039191 |
| 856 | 4 | 0 | |u https://doi.org/10.1017/S0954579409000248 |x Resolving-System |z lizenzpflichtig |3 Volltext |7 1 |
| 856 | 4 | 0 | |u https://pubmed.ncbi.nlm.nih.gov/19338692/ |x Verlag |z lizenzpflichtig |3 Volltext |7 1 |
| 935 | |a mkri | ||
| 951 | |a AR | ||
| ELC | |a 1 | ||
| LOK | |0 000 xxxxxcx a22 zn 4500 | ||
| LOK | |0 001 4637604702 | ||
| LOK | |0 003 DE-627 | ||
| LOK | |0 004 1912639165 | ||
| LOK | |0 005 20241217044750 | ||
| LOK | |0 008 241217||||||||||||||||ger||||||| | ||
| LOK | |0 035 |a (DE-2619)ICPSR148864 | ||
| LOK | |0 040 |a DE-2619 |c DE-627 |d DE-2619 | ||
| LOK | |0 092 |o n | ||
| LOK | |0 852 |a DE-2619 | ||
| LOK | |0 852 1 |9 00 | ||
| LOK | |0 935 |a nacp | ||
| LOK | |0 939 |a 17-12-24 |b l01 | ||
| ORI | |a SA-MARC-krimdoka001.raw | ||
